| 000 | 00426nam a22001697a 4500 | ||
|---|---|---|---|
| 003 | MPLRDC | ||
| 005 | 20220104163040.0 | ||
| 008 | 210129b ||||| |||| 00| 0 eng d | ||
| 020 | _a983-897-015-8 | ||
| 082 | _a177.2 PEA-2 | ||
| 100 | _aNORMAN VINCENT PEALE | ||
| 245 |
_aREACHING YOUR POTENTIAL _c |
||
| 260 |
_a _bGLAD SOUNDS S/B _c |
||
| 300 | _b平 | ||
| 650 | _a应用心理学--成功法 | ||
| 942 |
_cBK _o177.2 PEA-2 |
||
| 999 |
_c56270 _d56260 |
||